Quizzes
Events
Quiz Creation
Community
Videos
Private Events
Remove Ads
Sign In
Join for FREE
Feedback
Dark Mode
Quiz Categories
Sports
Geography
Music
Movies
Television
Just For Fun
Miscellaneous
History
Literature
Language
Science
Gaming
Entertainment
Religion
Holiday
For Kids
Quiz Lab
Recent
Popular Today
Quiz Kudos Today
Editor Picks
Curator Picks
Quizzes by...
Day
Popularity
Type
Ratings
Length
Year
Community
Subscriptions
Recent Discussions
Orange Saloon
Badges
Playlists
Quests
Create
Leaderboards
Showdown
Live 5
Trivia Bingo
Activity
Puzzle Library
Sporcle Events
Private Events
Virtual Trivia
Globe League
Become a Host
Pub Owners
SporcleCon
Opinionation
Our Games
Videos
Blog
Mobile Apps
Partnerships
Remove Ads and Go Orange
Feedback
Entertainment
Celebrity
Famous
Musical
Broadway
Show
Quote
Comic Books
Anime
Superhero
DC Comics
Marvel
Cartoons
Animation
Entertainment
Celebrity
Famous
Musical
Broadway
Show
Quote
Comic Books
Anime
Superhero
DC Comics
Marvel
Cartoons
Animation
Random Quiz
Search Sporcle
×
Quiz Lab
Quiz Lab
Entertainment
Song
Type in answers that appear in a list
Type in answers that appear in a list
Classic
Best Score? Go Orange.
Guess the Les Miserables song Stats
Can you name the Les Mis lyrics?
By
picklez
10m
88 Questions
2,018 Plays
2,018 Plays
2,018 Plays
Comments
Comments
Give Quiz Kudos
Give Quiz Kudos
-
- Ratings
hide this ad
Replay
Link that replays current quiz
Next Quiz
Link to next quiz in quiz playlist
You Got
0%
They Got
Avg Score
46%
Avg Friend Score
Upgrade to see
Score Distribution
Jump to the score distribution portion of the page
Score
0/88
Timer
10:00
0
Plays Today
% Correct
a
90.5%
and
90.5%
a
90.5%
and
90.5%
The
90.5%
and
90.5%
is
73.1%
is
73.1%
He
72.7%
he
72.7%
he
72.7%
he
72.7%
he
72.7%
he
72.7%
on
71%
am
67.5%
am
67.5%
Who
66.2%
Who
66.2%
There
65.5%
was
62.3%
to
60.5%
to
60.5%
I?
60.2%
I?
60.2%
Valjean
58.9%
Valjean
58.9%
Jean
57.9%
Jean
57.9%
In
57.1%
% Correct
be
54.1%
be
54.1%
man
50.6%
For
47.8%
for
47.8%
his
47.5%
his
47.5%
his
47.5%
she
45.8%
time
45.1%
time
45.1%
her
43.9%
this
43.8%
this
43.8%
life
43.3%
name
42.5%
If
42.1%
You're
41.4%
has
40.1%
some
39.3%
come
38.7%
How
38.1%
bread
38%
stole
37.6%
Cosette
36.9%
Cosette
36.9%
son
36.4%
could
36.1%
whose
35.2%
sister's
35.1%
% Correct
save
33.4%
lived
32.8%
lived
32.8%
day
32.8%
heart
32.5%
from
30.4%
gone
30.1%
It's
30.1%
must
30%
must
30%
Years
29.2%
tell
28.2%
served
27%
nineteen
27%
broke
25.5%
crime
25.4%
parole
25%
break
24.9%
winters
24.1%
ago
24%
apart
22.4%
journey
21.8%
away
21.6%
sweat
19.2%
caught
19%
disgraced
18.6%
washed
18.2%
faced
14.4%
Quiz Playlist
Details
Report
Send in Message
Add To Playlist
Classic:
Type in answers that appear in a list
Last Updated: Feb 16, 2017
Quiz Scoreboard
CHALLENGE
Sign Up to Join the Scoreboard
Show All
Scores
Hide
Comments
May contain spoilers
Recently Published
Click the 1999 NBA Draft
by nibperrychub
Sports
2m
Alphabetical 'K' Countries by Flag Minefield
by ylime102
Geography
3m
Pick 6: Fruits
by JohnFran
Miscellaneous
15s
More to Explore
Quiz From the Vault
Featured Blog Post
15 Basketball Trivia Facts You Can Be March Mad About
hide this ad
You Might Also Like...
Tags
Song Quiz
les
mis
Miserable
Today's Top Quizzes in Entertainment
Browse Entertainment
hide this ad
Today's Top Quizzes in Song
Browse Song
Top Contributed Quizzes in Entertainment
1
Marvel, Role-Playing, Shakespeare, and Cats, Oh My!
2
Picture Click Blitz: Snow White
3
Criteria Comics (DC vs. Marvel)
4
Double Word Hourglass: Comic Book Publishers
5
Comic Character by Cover Artist Pt 490 (Billy Tan)
6
Click the Fictional Jane
7
Click the Fictional Jill
8
The Joker Actors by Order
9
Marvel Picture Find: Capcom
10
Click the Fictional John
Explore More
Trending Topics
Kpop
NBA
Harry Potter
Anime
Marvel
Crossword
Disney
Pokémon
Country
Puzzle
WWE
Song
The Office
Soccer
NFL
hide this ad
More By:
picklez
Quiz
Plays
Rating
Category
Featured
Created
Guess the Les Miserables song
2,018
4.60
Entertainment
Mar 14, 2012
Everybody's Talking About Jamie Original London Cast
112
Entertainment
May 28, 2018
Phantom Cast 10/12/12
8
Entertainment
Jun 28, 2013
Go to Creator's Profile
Score Distribution
Quiz Creator Spotlight
picklez
Follow
Send a Message
Quizzes Created
-
Created Quiz Play Count
-
More By This Creator
Popular Quizzes Today
1
Find the US States - No Outlines Minefield
2
Countries of Asia Without Outlines Minefield
3
Pick 6: Fruits
4
The Countries of the World
5
Alphabetical 'K' Countries by Flag Minefield
6
Click the 1999 NBA Draft
7
Match the Book to the Film X
8
Find the US States
More Entertainment Quizzes
Media by Character in a Costume
Quiz Lab
Trending Quizzes
Pick 6: Harry Potter
Pick 6: Mountains
Pick 6: NFL Teams
Pick 6: Movie Franchises
Pick 6: Golfers
Recently Updated
Women's Final Four Teams by Year
bhenderson79
Presidents Quartet II
eogle
Anything But Clue(do)
eogle
Anything But Oceanian Capitals
eogle
Anything But 7
eogle
Anything But Thing
eogle
Word Ladder: February 29
pecheneg
Song Title Questions
pecheneg
Women's NCAA Tournament #1 Seeds
pecheneg
Celebrity Mug Shots
pecheneg
Trending Topics
Marvel
Crossword
Disney
Harry Potter
NBA
Kpop
Anime
Soccer
Country
Song
Puzzle
WWE
The Office
NFL
Pokémon
Your Account Isn't Verified!
In order to create a playlist on Sporcle, you need to verify the email address you used during registration. Go to your
Sporcle Settings
to finish the process.
Report this User
Report this user for behavior that violates our
Community Guidelines
.
Details:
Send Report
Go to the Sporcle.com Mobile Site →
Comments